Introduction to materials management

For courses in Materials Management, Production and Inventory Control, and Logistics taught in business and industrial technology departments of community colleges and universities.

Đã lưu trong:
Sonraí Bibleagrafaíochta
Príomhúdar: Arnold, J. R. Tony
Formáid: Leabhar
Teanga:Undetermined
Foilsithe: New Jersey Pearson 1998
Ábhair:
Clibeanna: Cuir Clib Leis
Gan Chlibeanna, Bí ar an gcéad duine leis an taifead seo a chlibeáil!
Thư viện lưu trữ: Trung tâm Học liệu Trường Đại học Cần Thơ
LEADER 00682nam a2200193Ia 4500
001 CTU_191867
008 210402s9999 xx 000 0 und d
082 |a 658.7 
082 |b A752 
100 |a Arnold, J. R. Tony 
245 0 |a Introduction to materials management 
245 0 |c .R. Tony Arnold 
260 |a New Jersey 
260 |b Pearson 
260 |c 1998 
520 |a For courses in Materials Management, Production and Inventory Control, and Logistics taught in business and industrial technology departments of community colleges and universities. 
650 |a Materials management. 
904 |i Tuyến 
980 |a Trung tâm Học liệu Trường Đại học Cần Thơ